Guess the Flags of Countries in Centaura/Dead Ahead - Statistics

General Stats
  • This quiz has been taken 149 times
  • The average score is 8 of 9
Answer Stats
Picture Answer % Correct
Cetus
97%
Corvus
97%
Antares
94%
Aquila
91%
Orion
89%
Ursa
82%
Riaa
81%
Columba
78%
Hydrus
78%
No matching quizzes found
Score Distribution
Percent of People with Each Score
Percentile by Number Answered
Your Score History
You have not taken this quiz